| 000 | 00449nam a2200145Ia 4500 | ||
|---|---|---|---|
| 008 | 100415s9999 xx 000 0 und d | ||
| 082 |
_b18067 _a598.2(5483) |
||
| 100 | _aSusanthkumar C | ||
| 245 | _aBirds of Shendurney Sanctuary : A Report | ||
| 260 |
_aTHIRUVANANTHAPURAM _c1998 _bWARBLERS & WARBLERS |
||
| 365 | _b0 | ||
| 630 | _aBirds of Shendurney Sanctuary : A Report | ||
| 730 | _aBirds of Shendurney Sanctuary : A Report | ||
| 942 | _cBOOK | ||
| 999 |
_c600964 _d600961 |
||